1389 1158 1037 1535 1906 1440 1094 1003 1332 1822 1912 1346 1125 1331 1583 1263 1405 1853 1468 1069 1621 1559 1927 1024 1532 1756 1779 1427 1273 1110 1642 1829 1795 1489 1069 1637 1067 1405 1758 1253 1274 1734 1111 1957 1919 1241 1440 1607 1753 1498 1655 1512 1332 1717 1346 1380 1980 1673 1274 1476 1696 1753 1788 1372 1456 1362 1005 1834 1792 1428 1521 1759 1922 1592 1061 1389 1786 1894 1503 1114 1135 1070 1351 1479 1454 1281 1715 1475 1471 1833 1135 1289 1364 1495 1448 1826 1086 1725 1800 BCNSPRNW ULIB Ver.6.0+V

เปลี่ยนเป็นภาษาไทย

Change to English
 แสดงรายละเอียดบรรณานุกรม
  กลับหน้าหลัก

Brief Record : Get Marc (ISO 2709) : E-mail record : QR code < ปิดหน้าต่าง
LEADER : 00000nam 2200000uu 4500
001    13399112642
003     ULIB
008    110829s2550||||th 000 0 tha d
020    9741105231
020    9789741105236
050 04 HV5740^bล218ล 2550
245 00 ลงหลักปักฐานสกัดกั้นยาสูบ =^bBuilding blocks for tobacco control : a handbook /^cเรียบเรียงโดย ลักขณา เติมศิริกุลชัย ... [และคนอื่นๆ]
246 13 เครื่องมือเพื่อการควบคุมยาสูบที่ทันสมัยในศตวรรษที่ 21 :^bลงหลักปักฐานสกัดกั้นยาสูบ
246 31 Building blocks for tobacco control :^ba handbook
260    กรุงเทพฯ :^bศูนย์วิจัยและจัดการความรู้เพื่อการควบคุมยาสูบ (ศจย.),^c2550
300    ix, 381 หน้า :^bภาพประกอบ ;^c26 ซม.
500    เครื่องมือเพื่อการควบคุมยาสูบที่ทันสมัยในศตวรรษที่ 21 : ลงหลักปักฐานสกัดกั้นยาสูบ
536    สนับสนุนโดย สำนักงานกองทุนสนับสนุนการสร้างเสริมสุขภาพ (สสส.)
650  4 ยาสูบ^xการควบคุม
650  4 การสูบบุหรี่^xการควบคุม
700 0  ลักขณา เติมศิริกุลชัย
710 2  ศูนย์วิจัยและจัดการความรู้เพื่อการควบคุมยาสูบ (ศจย.)
710 2  สำนักงานกองทุนสนับสนุนการสร้างเสริมสุขภาพ (สสส.)
710 2  องค์การอนามัยโลก
945    ^p0^l0^i023171
945    ^p0^l0^i023172
945    ^p0^l0^i023173
945    ^p0^l0^i023200
995    ทศพร
999 ^a ทศพร
รายการนี้ยังไม่มีแท็ก
คุณยังไม่ได้ล็อกอิน คุณสามารถมีกิจกรรมร่วมกับเว็บไซต์ได้ แต่ต้องล็อกอินก่อน ::
  ล็อกอิน

รายการสื่อสารสนเทศ

ลำดับที่ ประเภท เลขเรียก/บาร์โค้ด สถานที่ สถานะ
- ไม่พบข้อมูล -

BibComment


ยังไม่เคยถูกคอมเมนท์

คอมเมนท์ทรัพยากรรายการนี้
  คอมเมนท์: ลงหลักปักฐานสกัดก..


 Copyright 2026. Bcnsprnw @Library